|
|
|
|
| LEADER |
01528nam a2200325 a 4500 |
| 001 |
4011 |
| 003 |
BD-DhAAL |
| 005 |
20220824104227.0 |
| 008 |
130829r19891989bg ab b 001 0 eng d |
| 999 |
|
|
|c 13898
|d 13898
|
| 010 |
|
|
|a 89902119
|
| 020 |
|
|
|a 9840511084
|
| 020 |
|
|
|a 9789840511082
|
| 040 |
|
|
|a DLC
|c DLC
|d DLC
|d BD-DhAAL
|
| 050 |
0 |
0 |
|a HE691.6
|b .C68 1989
|
| 082 |
0 |
0 |
|a 386.095492
|2 20
|
| 245 |
0 |
4 |
|a The Country boats of Bangladesh :
|b social and economic development and decision-making in inland water transport /
|c Eirik G. Jansen ... [et al.].
|
| 260 |
|
|
|a Dhaka :
|b University Press Limited,
|c c1989 [reprinted 2007].
|
| 300 |
|
|
|a xx, 279 p., [15] folded leaves :
|b illustrations, maps ;
|c 22 cm.
|
| 500 |
|
|
|a Role of country boats and inland water transport in the socioeconomic development of Bangladesh.
|
| 504 |
|
|
|a Includes bibliographical references (pages [275]-277) and index.
|
| 526 |
|
|
|a GenEd
|
| 541 |
|
|
|a Book Finder International
|e 4011, 39420
|
| 650 |
|
0 |
|a Inland water transportation
|z Bangladesh.
|9 2821
|
| 650 |
|
0 |
|a Commerce.
|9 51026
|
| 700 |
1 |
|
|a Jansen, Eirik G.
|9 2822
|
| 852 |
|
|
|a Ayesha Abed Library
|c General Stacks
|
| 942 |
|
|
|2 ddc
|c BK
|
| 952 |
|
|
|0 0
|1 0
|2 ddc
|4 0
|6 386_095492000000000_COU
|7 0
|9 23267
|a BRACUL
|b BRACUL
|c GEN
|d 2013-08-29
|g 400.00
|l 0
|o 386.095492 COU
|p 3010004011
|r 2013-08-29
|t 1
|w 2013-08-29
|y BK
|
| 952 |
|
|
|0 0
|1 0
|2 ddc
|4 0
|6 386_095492000000000_COU
|7 0
|9 71468
|a SCL
|b SCL
|c GEN
|d 2022-08-03
|e Book Finder International
|g 442.44
|l 0
|o 386.095492 COU
|p 3020039420
|r 2022-08-03
|t 2
|v 0.00
|w 2022-08-03
|y BK
|